Comuni della provincia di Treviso - Statistics

Statistiche generali
  • Questo quiz è stato fatto 545 volte
  • Il punteggio medio è 53 su 94
Statistiche sulle risposte
Hint Risposta % Corretto
85 Treviso
94%
21 Conegliano
91%
91 Vittorio Veneto
85%
45 Montebelluna
84%
12 Castelfranco Veneto
82%
50 Oderzo
81%
53 Paese
80%
86 Valdobbiadene
78%
90 Villorba
75%
3 Asolo
74%
42 Mogliano Veneto
74%
38 Maser
72%
49 Nervesa della Battaglia
72%
94 Zero Branco
70%
81 Spresiano
69%
82 Susegana
69%
9 Casale sul Sile
68%
55 Pieve del Grappa
68%
56 Pieve di Soligo
68%
48 Motta di Livenza
67%
34 Istrana
66%
80 Silea
66%
62 Preganziol
65%
63 Quinto di Treviso
65%
68 Roncade
64%
74 San Vendemiano
64%
92 Volpago del Montello
64%
1 Altivole
63%
39 Maserada sul Piave
62%
57 Ponte di Piave
62%
70 San Biagio di Callalta
62%
79 Sernaglia della Battaglia
62%
18 Cison di Valmarino
61%
76 Santa Lucia di Piave
61%
23 Cornuda
60%
67 Riese Pio X
60%
71 San Fior
60%
2 Arcade
59%
32 Godega di Sant'Urbano
59%
88 Vedelago
59%
10 Casier
57%
19 Codogné
57%
22 Cordignano
57%
37 Mareno di Piave
57%
43 Monastier di Treviso
57%
47 Moriago della Battaglia
57%
58 Ponzano Veneto
57%
89 Vidor
56%
25 Farra di Soligo
55%
33 Gorgo al Monticano
55%
54 Pederobba
55%
27 Fontanelle
54%
52 Orsago
54%
59 Portobuffolé
53%
6 Caerano di San Marco
52%
15 Cessalto
52%
36 Mansuè
52%
60 Possagno
52%
64 Refrontolo
52%
84 Trevignano
52%
4 Borso del Grappa
51%
8 Carbonera
51%
13 Castello di Godego
51%
31 Giavera del Montello
51%
73 San Polo di Piave
51%
20 Colle Umberto
50%
24 Crocetta del Montello
50%
29 Fregona
50%
5 Breda di Piave
48%
51 Ormelle
48%
75 San Zenone degli Ezzelini
48%
93 Zenson di Piave
48%
26 Follina
47%
66 Revine Lago
47%
7 Cappella Maggiore
46%
30 Gaiarine
44%
35 Loria
44%
40 Meduna di Livenza
44%
83 Tarzo
43%
41 Miane
42%
11 Castelcucco
41%
16 Chiarano
40%
65 Resana
40%
78 Segusino
39%
69 Salgareda
38%
17 Cimadolmo
37%
44 Monfumo
37%
87 Vazzola
37%
72 San Pietro di Feletto
36%
28 Fonte
34%
77 Sarmede
34%
61 Povegliano
33%
14 Cavaso del Tomba
32%
46 Morgano
30%
Nessun quiz corrispondente trovato
Distribuzione punteggi
Percentuale di utenti per punteggio
Percentile per numero di risposta
I tuoi punteggi nel tempo
Non hai fatto questo quiz